| 000 | 008480000a22001930004500 | ||
|---|---|---|---|
| 082 | 0 | 4 | _aG 262.12 T24o |
| 100 | 1 | _aTelfer, W. | |
| 245 | 1 | 0 | _aThe office of a bishop / W. Telfer |
| 260 | _aLondon : Darton, Longman & Todd | ||
| 300 | _axvii, 214 páginas | ||
| 501 | _aPasta dura | ||
| 505 | 0 | 0 | _aLa oficina del obispo - Santiago, el hermano del Señor - Presbíteros-obispos - La iglesia de Roma - Episcopado monárquico - Obispos monárquicos occidentales - La sucesión apostólica de los obispos - Obispos como magistrados - Obispos y teólogos - El obispo como fiduciario - La realización de un obispo |
| 650 | 1 | 4 | _aObispos - Iglesia Católica - Clero \ Episcopado \ Teólogos católicos |
| 001 | 19036 | ||
| 942 | _cBK | ||
| 999 |
_c45416 _d45416 |
||
| 336 |
_atexto _btxt _2rdacontent |
||
| 337 |
_2rdamedia _asin mediación _bn |
||
| 338 |
_2rdacarrier _avolumen _bnc |
||